Statistics for High School Musical Franchise

Click here to take the quiz!

General Stats

  • This quiz has been taken 3 times
  • The average score is 11 of 41

Answer Stats

Type Year Name Info % Correct
TV Film2006High School MusicalDisney Channel
100%
Film2008High School Musical 3: Senior YearDisney
100%
Video Game2008Disney Sing It! - High School Musical 3: Senior YearDisney Interactive
100%
Video Game2008High School Musical 2: Work This Out!Disney Interactive
100%
Web Series2019-PresentHigh School Musical: The Musical: The SeriesDisney+
100%
TV Film2007High School Musical 2Disney Channel
100%
Video Game2008High School Musical 3: Senior Year DanceDisney Interactive
50%
Film2011Sharpay's Fabulous AdventureDisney
0%
Film2010High School Musical: O DesafioDisney
0%
Novel2009Shining MomentsHelen Perelman
0%
Novel2009Lights, Camera, ActionN.B. Grace
0%
Novel2009Game OnSarah Nathan
0%
Novel2009Bonjour, Wildcats!N.B. Grace
0%
Novel2008Under the StarsHelen Perelman
0%
Novel2008In the SpotlightCatherine Hapka
0%
Novel2008Turn Up the HeatHelen Perelman
0%
Novel2008Ringin' It InN.B. Grace
0%
Novel2008Get Your Vote On!Alice Alfonsi
0%
Novel2008Friends 4Ever?Catherine Hapka
0%
Musical2009High School Musical 2: On Stage!(Various)
0%
TV Show2008My High School MusicalDisney Channel UK / Disney Channel Australia
0%
Video Game2006High School Musical: Makin' the Cut!Disney Interactive
0%
TV Show2008High School Musical: Get in the PictureABC
0%
TV Show2008High School Musical: A SeleçãoDisney Channel Brazil / SBT
0%
Film2008High School Musical: El Desafio MexicoDisney
0%
Film2008High School Musical: El DesafíoDisney
0%
Musical2007-2013High School Musical on Stage!(Various)
0%
TV Documentary2007High School Musical: The Music in YouDisney Channel
0%
Novel2007Heart to HeartHelen Perelman
0%
Novel2007Broadway DreamsN.B. Grace
0%
Novel2007Crunch TimeN.B. Grace
0%
Novel2007Poetry in MotionAlice Alfonsi
0%
Novel2007Wildcat SpiritCatherine Hapka
0%
Novel2007Battle of the BandsN.B. Grace
0%
Video Game2007High School Musical: Sing It!Disney Interactive
0%
Concert Tour2006-2007High School Musical: The ConcertBuena Vista Concerts
0%
Musical????High School Musical Jr(Various)
0%

Score Distribution

Percentile by Number Answered

Percent of People with Each Score

Your Score History

You have not taken this quiz